000 00341nam a2200145 i 4500
001 bg
100 1 _aCUISTOV, Konstantin V.
245 0 _aStarenie metalliceskich splavov /
_cK.W. Cuistov.
260 _aKiev,
_c1985.
040 _cBPK
041 _apol
080 _a669.017.3
942 _cKS
008 s pl f |000 0 pol
999 _c23478
_d23478
856 _uhttp://koha.tu.koszalin.pl/cgi-bin/koha/opac-detail.pl?biblionumber=23478
_yKatalog online BPK